Features on SZA Albums - Statistics

General Stats
  • This quiz has been taken 67 times
  • The average score is 9 of 13
Answer Stats
Song Answer % Correct
Babylon Kendrick Lamar
100%
Doves In The Wind Kendrick Lamar
100%
30 For 30 Kendrick Lamar
100%
Love Galore Travis Scott
94%
Open Arms Travis Scott
94%
Used Don Toliver
69%
Joni Don Toliver
69%
Ghost in the Machine Phoebe Bridgers
54%
Warm Winds Isaiah Rashad
50%
Pretty Little Birds Isaiah Rashad
50%
Forgiveless Ol' Dirty Bastard
50%
Childs Play Chance the Rapper
42%
Wavy (Interlude) James Fauntleroy
27%
No matching quizzes found
Score Distribution
Percent of People with Each Score
Percentile by Number Answered
Your Score History
You have not taken this quiz